Plus grandes villes du Royaume-Uni (Top 100) - Statistiques

Statistiques générales
  • Ce quiz a été pris 2 159 fois
  • Le résultat moyen est 30 sur 100
Statistiques - réponses
Population Pays % Correct
8,9 M Londres
100%
557 K Manchester
97%
583 K Liverpool
96%
1,15 M Birmingham
91%
498 K Édimbourg
88%
623 K Glasgow
87%
351 K Cardiff
84%
507 K Leeds
81%
285 K Newcastle upon Tyne
80%
336 K Belfast
79%
269 K Southampton
74%
163 K Oxford
72%
576 K Bristol
69%
244 K Brighton and Hove
67%
473 K Leicester
66%
313 K Nottingham
66%
549 K Sheffield
63%
149 K Cambridge
61%
240 K Plymouth
61%
198 K Aberdeen
59%
163 K York
57%
185 K Swansea
56%
197 K Norwich
51%
249 K Portsmouth
50%
288 K Kingston upon Hull
47%
219 K Wolverhampton
45%
198 K Bournemouth
44%
375 K Coventry
43%
175 K Sunderland
42%
103 K Bath
39%
264 K Derby
39%
229 K Northampton
39%
124 K Exeter
37%
149 K Ipswich
37%
148 K Dundee
36%
277 K Stoke-on-Trent
36%
145 K Blackpool
35%
222 K Luton
34%
230 K Reading
30%
141 K Watford
30%
147 K Gloucester
29%
363 K Bradford
28%
203 K Bolton
27%
177 K Middlesbrough
27%
120 K Blackburn
26%
87 K Chester
25%
171 K Huddersfield
23%
134 K Newport
22%
136 K Colchester
20%
177 K Peterborough
20%
103 K Worcester
20%
99 K Preston
19%
107 K Wigan
18%
184 K Milton Keynes
16%
192 K Swindon
16%
115 K Doncaster
15%
106 K Lincoln
15%
184 K Southend-on-Sea
15%
159 K Poole
14%
117 K Cheltenham
11%
93 K Hastings
11%
98 K Barnsley
10%
89 K Chesterfield
10%
137 K Sale
10%
110 K Stockport
10%
113 K Eastbourne
9%
107 K Oldham
9%
111 K Rotherham
9%
92 K Bedford
8%
108 K Gillingham
8%
88 K Grimsby
8%
91 K Halifax
8%
118 K Salford
8%
164 K Slough
8%
112 K Crawley
7%
123 K High Wycombe
7%
112 K Rochdale
7%
93 K Southport
7%
172 K Warrington
7%
117 K Chelmsford
6%
89 K Hartlepool
6%
93 K Stevenage
6%
114 K Worthing
6%
104 K St Helens
5%
107 K Sutton Coldfield
5%
145 K Birkenhead
4%
93 K Darlington
4%
150 K Telford
4%
106 K Wakefield
4%
88 K Weston-super-Mare
4%
107 K Woking
4%
116 K Basildon
3%
114 K Basingstoke
3%
122 K Gateshead
3%
118 K Maidstone
3%
127 K Solihull
3%
87 K Aylesbury
2%
102 K Hemel Hempstead
2%
89 K Nuneaton
2%
99 K Rayleigh
2%
Aucun quiz correspondant
Distribution des résultats
% des personnes avec chaque résultat
Percentile par nombre de réponses
Votre historique - résultats
Vous n’avez pas pris ce quiz